La raza y el destino manifiesto: Orígenes del anglosajonismo racial norteamericano
Saved in:
| Hovedforfatter: | |
|---|---|
| Format: | Bog |
| Sprog: | spansk |
| Udgivet: |
Ciudad de México
Fondo de Cultura Económica
1985
|
| Udgivelse: | 1a. ed |
| Fag: | |
| Tags: |
Tilføj Tag
Ingen Tags, Vær først til at tagge denne postø!
|
MARC
| LEADER | 00000nam a2200000 a 4500 | ||
|---|---|---|---|
| 001 | UCG0547 | ||
| 003 | CL-VaPUC | ||
| 008 | 100325e19850000MX |||||||||||||||||spa|d | ||
| 020 | |a 9681618432 | ||
| 082 | 0 | 4 | |a 305.8 |b HOR |2 21 |
| 100 | 0 | |a Horsman, Reginald |e author |9 548044 | |
| 245 | 1 | 3 | |a La raza y el destino manifiesto: Orígenes del anglosajonismo racial norteamericano |
| 250 | |a 1a. ed | ||
| 300 | |a 412 p | ||
| 942 | |c BK | ||
| 945 | |d 20100325 00:00:00 |a dcastane | ||
| 260 | |a Ciudad de México |b Fondo de Cultura Económica |c 1985 | ||
| 650 | 0 | |a Discriminación racial |9 257054 | |
| 650 | 7 | |a PROBLEMAS RACIALES |2 CL-VaPUC |9 317921 | |
| 650 | 0 | |a Racismo |9 255805 | |
| 650 | 0 | |a Relaciones raciales |9 317922 | |
| 583 | |a last modification |c 20130325 05:30:42 |k Rodrigo Vera | ||
| 999 | |c 340168 |d 340166 | ||
| 952 | |0 0 |1 0 |4 0 |6 305_800000000000000_HOR_1985 |7 0 |8 A |9 434704 |a BIBHIS |b BIBHIS |d 2019-11-22 |i 4643631 |l 1 |o 305.8 HOR 1985 |p 4643631 |r 2025-01-20 |s 2024-10-15 |w 2019-11-22 |y BK |k HIS | ||